[Event "Dortmund"]
[Site "Dortmund"]
[Date "1992.??.??"]
[Round "7"]
[White "Kamsky, Gata"]
[Black "Shirov, Alexei"]
[Result "1-0"]
[WhiteElo "2655"]
[BlackElo "2655"]
[Annotator "Dautov,R"]
[PlyCount "59"]
[EventDate "1992.04.16"]
[EventType "tourn"]
[EventRounds "9"]
[EventCountry "GER"]
[EventCategory "17"]
[SourceTitle "CBM 029"]
[Source "ChessBase"]
[SourceDate "1992.08.01"]
[SourceVersion "1"]
[SourceVersionDate "1992.08.01"]
[SourceQuality "1"]

1. d4 {Ftacnik} d5 2. c4 c6 3. Nf3 Nf6 4. Nc3 e6 5. cxd5 exd5 6. Bg5 Be7 7. Qc2
g6 8. e4 O-O (8... Nxe4 $2 9. Bxe7 Kxe7 10. Nxe4 dxe4 11. Qxe4+ Be6 12. Bc4
Qa5+ 13. Kf1 Qf5 14. Qe3 Nd7 15. Re1 Rae8 16. d5 cxd5 17. Bb5 $16 {Karpov,
An-Yusupov,A SSSR ch 1988}) (8... dxe4 $142 9. Bxf6 Bxf6 10. Qxe4+ Kf8 $10) 9.
e5 Ne4 10. Bh6 Re8 11. Bd3 (11. h3 Nxc3 12. bxc3 c5 13. Bb5 Nc6 14. O-O Bf5 15.
Qd2 Qa5 16. Bxc6 bxc6 17. dxc5 Qxc5 18. Nd4 Bd7 $10 {Tal,M-Renet,O Cannes 1989}
) 11... Nxc3 12. bxc3 c5 (12... Bg4 $5 13. h4 $5 Bxf3 14. gxf3 Bxh4 15. f4 $40)
13. h4 cxd4 $2 (13... Bg4 $2 14. h5 Bxh5 15. Rxh5 gxh5 16. Bxh7+ Kh8 17. Qf5
Qd7 18. Qxf7 Bd8 19. Qg6 $18) (13... Nc6 14. h5 c4 15. Bxg6 fxg6 16. hxg6 $40 {
/\gh,Qg6}) (13... c4 14. Be2 Nc6 (14... Bf5 {Ftacnik} 15. Qd2 Nd7 16. h5 Nf8
$14) 15. h5 Bf5 16. Qc1 b5 17. Ng5 $22 f6 18. g4 fxg5 19. gxf5 gxf5 20. Rg1 Kh8
21. Rxg5 $1 $40) 14. h5 $1 g5 (14... Qb6 15. Rb1 $16 (15. hxg6 {Ftacnik} hxg6
16. Rb1 Qe6 17. cxd4 $16)) (14... Nc6 {Ftacnik} 15. hxg6 hxg6 16. Bxg6 $18) (
14... Qa5 {Ftacnik} 15. hxg6 hxg6 16. Nxd4 $16) 15. Bxh7+ Kh8 16. Bg6 $1 (16.
cxd4 Nc6 $132 {/\g4}) (16. Nxd4 Qb6 17. Bg6 fxg6 18. hxg6 Kg8 $13) 16... Be6 $8
(16... fxg6 17. hxg6 Kg8 18. g7 $18 {/\Bg5} (18. Bxg5 {Ftacnik} Bxg5 19. g7 $18
)) 17. Nxd4 Qc8 18. Qd2 $1 fxg6 (18... Rg8 {Ftacnik} 19. Bxg5 Bxg5 20. Qxg5 $18
) 19. hxg6 Kg8 20. Rc1 $1 (20. Bxg5 {Ftacnik} Bxg5 21. Qxg5 Qxc3+ 22. Ke2 Qxd4
23. Qh6 Qb2+ $1) 20... Nc6 21. Bxg5 Qc7 (21... Nxe5 22. Bxe7 Rxe7 23. Qh6 $18)
22. Bxe7 Rxe7 (22... Qxe5+ 23. Kf1 Rxe7 24. Re1 Qf6 25. Rxe6 Rxe6 26. Nxe6 Qxe6
27. Rh8+ (27. Qh6 {Ftacnik} Qf6 28. Qh7+ Kf8 29. Qh8+ $18) 27... Kxh8 28. Qh6+
Kg8 29. Qh7+ Kf8 30. g7+ $18) 23. Kf1 $1 Rae8 24. Re1 $1 $18 Rg7 (24... Nxe5 {
Ftacnik} 25. Qh6 $18) 25. Qh6 Kf8 26. Rh4 Nxd4 27. Qh8+ Rg8 (27... Bg8 {Ftacnik
} 28. Rf4+ $18) 28. Qf6+ Bf7 29. Qxf7+ Qxf7 30. gxf7 (30. gxf7 {Ftacnik} Kxf7
31. Rxd4 $18) 1-0

[Event "Dortmund"]
[Site "Dortmund"]
[Date "1992.??.??"]
[Round "8"]
[White "Anand, Viswanathan"]
[Black "Kamsky, Gata"]
[Result "1/2-1/2"]
[WhiteElo "2670"]
[BlackElo "2655"]
[Annotator "Anand,V"]
[PlyCount "116"]
[EventDate "1992.04.16"]
[EventType "tourn"]
[EventRounds "9"]
[EventCountry "GER"]
[EventCategory "17"]
[SourceTitle "CBM 029"]
[Source "ChessBase"]
[SourceDate "1992.08.01"]
[SourceVersion "1"]
[SourceVersionDate "1992.08.01"]
[SourceQuality "1"]

1. e4 {Ftacnik Ernst} e5 2. Nf3 Nc6 3. Bb5 a6 4. Ba4 Nf6 5. O-O Be7 6. Re1 b5
7. Bb3 O-O 8. c3 d5 9. exd5 Nxd5 10. Nxe5 Nxe5 11. Rxe5 c6 12. Re1 Bd6 13. d3
Qh4 14. g3 Qh3 15. Re4 Bd7 16. Nd2 (16. Rh4 {Ftacnik} Qf5 17. Bc2 Rae8 18. d4
Re1+ $5 19. Qxe1 Qxc2 $13) 16... g5 (16... Rae8 {Ernst} 17. Rh4 Qf5 18. Nf1 Qg6
19. Bd2 Bf5 20. Bxd5 cxd5 21. Ne3 Be6 22. a4 Be7 23. Rf4 Bg5 24. Rf3 b4 $6 25.
c4 $16 {Murei - Geller, Amsterdam 1987.}) 17. Re2 (17. Re1 $5 {Ftacnik} f5 18.
Ne4 $36) 17... f5 18. Ne4 $2 (18. c4 bxc4 19. dxc4 f4 20. cxd5 fxg3 21. hxg3 (
21. fxg3 Bc5+ 22. Kh1 Bg4 $17) 21... Rxf2 22. Rxf2 Qxg3+ 23. Rg2 Qe3+ 24. Rf2
Qg3+) (18. Nf3 $14 {Ernst}) (18. Bxd5+ {Ftacnik} cxd5 19. Qb3 $13) 18... fxe4
19. dxe4 Bg4 20. exd5 c5 (20... Bxe2 {Ftacnik} 21. dxc6+ Bc4 (21... Kg7 22.
Qxe2 Rae8 23. Be3 $16) 22. Bxc4+ bxc4 23. Qd5+ (23. Qxd6 $2 Rad8 $19) 23... Rf7
24. Qxd6 $36) 21. Qf1 Qh5 $1 {The move I had missed} (21... Qxf1+ 22. Kxf1
Bxe2+ 23. Kxe2 $44 (23. Kxe2 {Ftacnik} c4 24. Bc2 Rae8+ 25. Be3 Bc5 26. Rd1
$146)) 22. Re3 (22. Re1 Bxg3 23. hxg3 Bf3 $19) 22... c4 23. Bc2 Bc5 24. Bd2 (
24. a4 {Ftacnik} Rae8 $22 25. Rxe8 Qxe8) 24... Bxe3 (24... Rad8 $1 25. Be4 Rde8
26. Qg2 (26. Rae1 Rxe4 27. Rxe4 Bxf2+ 28. Qxf2 Rxf2 29. Kxf2 Qxh2+ 30. Ke3
Qxg3+ 31. Kd4 Qd3+ 32. Kc5 Qxd2 $19) 26... Bh3 27. Qh1 Qf7 28. Rf3 Qa7 (28...
Qxf3 29. Bxf3 Re2 (29... g4 30. Bf4) 30. Be1 Rxb2 31. d6 Kg7 32. g4 $13) 29.
Be3 g4 30. Rxf8+ Rxf8 31. Bxc5 Qxc5 $19) (24... Rae8 {Ftacnik} 25. Rae1) 25.
Bxe3 Rae8 26. Re1 Bf3 27. d6 Bc6 28. Qe2 $2 (28. Bd1 Qf7 (28... Qg6 $19 {
Ftacnik}) 29. Bd4 Rxe1 30. Qxe1 Qd5 31. f3 $15) 28... Qh3 29. Qf1 Qe6 30. Bd1
Qd5 (30... Qxd6 $19) (30... Qxd6 {Ftacnik} 31. Bg4 $17) 31. f3 Qxd6 (31... g4 {
Ftacnik} 32. Bh6 Rxe1 33. Qxe1 Rf6 34. Bf4 $17) 32. Bd4 (32. Bxg5 {Ftacnik}
Qc5+ $19) 32... Rxe1 33. Qxe1 g4 (33... Bxf3 $17 {Ernst}) (33... Bxf3 {Ftacnik}
34. Bxf3 Rxf3 35. Qe8+ Rf8 $19) 34. f4 $1 {With the obvious intention of
getting my king to a1 via c5!} Qd5 35. Kf2 Qg2+ 36. Ke3 Re8+ 37. Be5 Qxb2 (
37... Qxh2 38. Bxg4 Qxb2) (37... Bf3 {Ftacnik} 38. Bxf3 Qxf3+ 39. Kd2 $17) 38.
Bxg4 Qc2 (38... Qxa2 $19) (38... Qxh2 $19 {Ftacnik}) 39. Kd4 Qd3+ 40. Kc5 Qd5+
41. Kb4 (41. Kb6 {Ftacnik} Bd7 $19) 41... a5+ 42. Ka3 (42. Kxa5 $2 {Ernst} Qc5
$1 $19) 42... Qd3 43. Kb2 b4 44. Ka1 $1 {Mission accomplished!} (44. cxb4 {
Ftacnik} axb4 (44... a4 45. Qc3 a3+ 46. Kxa3 Qb1 47. Qxc4+) 45. Qxb4 Rxe5 46.
fxe5 Qd4+ 47. Ka3 Qxg4 $19) 44... a4 45. Be2 (45. cxb4 {Ftacnik} a3 46. Be2
Rxe5 $1 $19) 45... Qe4 46. Qd1 bxc3 $2 (46... Bd5 $1 47. a3 $1 (47. cxb4 Rxe5
48. fxe5 Qxe5+ 49. Kb1 Be4+ 50. Kc1 Qc3+) (47. Qxa4 Ra8 $1 (47... Rxe5 48. fxe5
Qxe2 49. Qe8+) 48. Qd1 (48. Qd7 Rxa2+ 49. Kxa2 Qc2+ 50. Ka1 Qc1+ 51. Ka2 b3#)
48... b3 $19) (47. Bh5 Rxe5 48. fxe5 Qxe5 49. Qg4+ Kh8 50. Qd4 Qxd4 51. cxd4 a3
$19) (47. Bf1 {Ftacnik} Rxe5 48. fxe5 Qxe5 $19) 47... b3 $15) 47. Bxc4+ Kf8 (
47... Qxc4 48. Qg4+ Kf7 49. Qf5+ Ke7 50. Qf6+ Kd7 51. Qd6+ Kc8 52. Qc7#) 48.
Bd6+ (48. Qd6+ {Ftacnik} Re7 49. Qd8+ Be8 $19) 48... Re7 (48... Kg7 {Ftacnik}
49. Qg4+ Qg6 (49... Kh8 50. Be5+ Rxe5 51. Qg8#) 50. Be5+ Kf8 51. Qxg6 hxg6 52.
Bxc3 $10) 49. Bd3 Qe3 50. Bc2 (50. Bxh7 $1 $16 {Unfortunately I hadn't
realised that I could be better in this game!}) 50... Ke8 51. Bxe7 Kxe7 52. Qb1
h6 53. a3 Kf6 54. Qd1 Qc5 (54... Ke7 {Ftacnik} 55. Qb1) 55. Qd8+ Kg7 56. Qc7+
Kf6 57. Qd8+ Kg7 58. Qc7+ Kf6 1/2-1/2

[Event "Dortmund"]
[Site "Dortmund"]
[Date "1992.??.??"]
[Round "9"]
[White "Kamsky, Gata"]
[Black "Huebner, Robert"]
[Result "1/2-1/2"]
[WhiteElo "2655"]
[BlackElo "2615"]
[PlyCount "23"]
[EventDate "1992.04.16"]
[EventType "tourn"]
[EventRounds "9"]
[EventCountry "GER"]
[EventCategory "17"]
[SourceTitle "CBM 029"]
[Source "ChessBase"]
[SourceDate "1992.08.01"]
[SourceVersion "1"]
[SourceVersionDate "1992.08.01"]
[SourceQuality "1"]

1. d4 Nf6 2. Nf3 e6 3. Bg5 c5 4. e3 Be7 5. c3 b6 6. Bd3 cxd4 7. exd4 Ba6 8.
Bxa6 Nxa6 9. Nbd2 O-O 10. h4 Nc7 11. Bxf6 Bxf6 12. g4 1/2-1/2

[Event "Olympiad-30"]
[Site "Manila"]
[Date "1992.06.09"]
[Round "2.1"]
[White "Kamsky, Gata"]
[Black "Rozentalis, Eduardas"]
[Result "1/2-1/2"]
[WhiteElo "2655"]
[BlackElo "2585"]
[PlyCount "99"]
[EventDate "1992.06.08"]
[EventType "team-swiss"]
[EventRounds "14"]
[EventCountry "PHI"]
[SourceTitle "TD"]
[Source "ChessBase"]
[SourceDate "1994.03.01"]
[SourceVersion "1"]
[SourceVersionDate "1994.03.01"]
[SourceQuality "1"]
[WhiteTeam "US of America"]
[BlackTeam "Lithuania"]
[WhiteTeamCountry "USA"]
[BlackTeamCountry "LTU"]

1. d4 Nf6 2. Nf3 e6 3. Bf4 Be7 4. c3 b6 5. e3 Bb7 6. Nbd2 d6 7. Bd3 Nbd7 8. Qe2
Nh5 9. Bg3 c5 10. a3 h6 11. e4 cxd4 12. Nxd4 Nxg3 13. hxg3 a6 14. f4 Nc5 15.
Bc2 Qc7 16. O-O-O O-O-O 17. Kb1 Bf6 18. N2f3 Rhe8 19. b4 Nd7 20. Bd3 Nb8 21.
Nb3 e5 22. Rhe1 Rd7 23. c4 exf4 24. gxf4 g6 25. Rc1 Bg7 26. Nfd4 Qd8 27. Qg4
Nc6 28. Nb5 Kb8 29. Nc3 Nd4 30. Nxd4 Bxd4 31. Nd5 Ka7 32. Qd1 Bc6 33. Qb3 g5
34. f5 h5 35. Rh1 h4 36. Qd1 Bg7 37. Ka2 Bxd5 38. cxd5 Qf6 39. Qb3 Ree7 40. Rc6
Qd4 41. Rhc1 g4 42. Rc8 b5 43. R8c6 h3 44. gxh3 g3 45. Qc2 Bf6 46. Rd1 Qf2 47.
Rd2 Qg1 48. Rd1 Qh2 49. Rd2 Qg1 50. Rd1 1/2-1/2

[Event "Olympiad-30"]
[Site "Manila"]
[Date "1992.06.12"]
[Round "5.1"]
[White "Rubinetti, Jorge Alberto"]
[Black "Kamsky, Gata"]
[Result "1/2-1/2"]
[WhiteElo "2450"]
[BlackElo "2655"]
[PlyCount "101"]
[EventDate "1992.06.08"]
[EventType "team-swiss"]
[EventRounds "14"]
[EventCountry "PHI"]
[SourceTitle "TD"]
[Source "ChessBase"]
[SourceDate "1994.03.01"]
[SourceVersion "1"]
[SourceVersionDate "1994.03.01"]
[SourceQuality "1"]
[WhiteTeam "Argentina"]
[BlackTeam "US of America"]
[WhiteTeamCountry "ARG"]
[BlackTeamCountry "USA"]

1. d4 Nf6 2. Nf3 g6 3. Bg5 Bg7 4. Nbd2 d5 5. e3 O-O 6. Be2 c6 7. c4 Qb6 8. Qb3
Be6 9. c5 Qc7 10. Bf4 Qc8 11. h3 Ne4 12. Qc2 Bf5 13. Bd3 Nxd2 14. Qxd2 Bxd3 15.
Qxd3 Nd7 16. O-O Re8 17. Rac1 e5 18. Nxe5 Nxe5 19. Bxe5 Bxe5 20. dxe5 Rxe5 21.
Rfd1 Rg5 22. f4 Rh5 23. e4 Qe6 24. e5 Rf5 25. Rf1 g5 26. fxg5 Rxg5 27. Rce1 Re8
28. Re2 Qg6 29. Qd4 Re6 30. Kh2 Qg7 31. Rfe1 h5 32. b4 a6 33. a4 Rf5 34. b5
axb5 35. axb5 Qg5 36. bxc6 bxc6 37. Kh1 Rf4 38. Qa1 Qf5 39. Kg1 Kh7 40. Qb2 h4
41. Qb8 Qd3 42. Qf8 Qd4+ 43. Kh1 Rf2 44. Rxf2 Qxf2 45. Re2 Qf1+ 46. Kh2 Rg6 47.
Ra2 Rg8 48. Qe7 Qf4+ 49. Kg1 Qc1+ 50. Kh2 Qf4+ 51. Kg1 1/2-1/2

[Event "Brussels SWIFT rapid"]
[Site "Brussels"]
[Date "1992.??.??"]
[Round "?"]
[White "Kamsky, Gata"]
[Black "Sokolov, Ivan"]
[Result "0-1"]
[WhiteElo "2655"]
[BlackElo "2630"]
[PlyCount "98"]
[EventDate "1992.07.??"]
[EventType "swiss (rapid)"]
[EventRounds "5"]
[EventCountry "BEL"]
[SourceTitle "CBM 029 Extra"]
[Source "ChessBase"]
[SourceDate "1992.09.01"]
[SourceVersion "1"]
[SourceVersionDate "1992.09.01"]
[SourceQuality "1"]

1. e4 e5 2. Nf3 Nc6 3. Nc3 Nf6 4. Bb5 Nd4 5. Ba4 Bc5 6. Nxe5 O-O 7. d3 d6 8.
Nf3 Bg4 9. Be3 c6 10. h3 Bxf3 11. gxf3 d5 12. Bg5 h6 13. Bh4 Qd6 14. Bg3 Qe6
15. Kf1 Rad8 16. Kg2 b5 17. Bb3 a5 18. a3 Nxb3 19. cxb3 Nh5 20. exd5 Qg6 21.
Kh2 cxd5 22. d4 Bd6 23. Rg1 f5 24. Qd3 Qf6 25. f4 Nxf4 26. Qf3 Ne6 27. Nxd5 Qf7
28. Bxd6 Rxd6 29. Nf4 Nxd4 30. Qc3 b4 31. axb4 axb4 32. Qd3 Rfd8 33. Rae1 Nxb3
34. Qg3 Nd4 35. Nh5 g6 36. Nf4 g5 37. h4 g4 38. f3 h5 39. fxg4 hxg4 40. h5 Kh7
41. Ref1 Qf6 42. Kh1 R6d7 43. Rg2 Nf3 44. Ng6 Rd1 45. Rgf2 Rxf1+ 46. Rxf1 Rd2
47. Qc7+ Kh6 48. Qf4+ Qg5 49. Qxg5+ Kxg5 0-1

[Event "Brussels SWIFT rapid"]
[Site "Brussels"]
[Date "1992.??.??"]
[Round "?"]
[White "Sokolov, Ivan"]
[Black "Kamsky, Gata"]
[Result "1/2-1/2"]
[WhiteElo "2630"]
[BlackElo "2655"]
[PlyCount "133"]
[EventDate "1992.07.??"]
[EventType "swiss (rapid)"]
[EventRounds "5"]
[EventCountry "BEL"]
[SourceTitle "CBM 029 Extra"]
[Source "ChessBase"]
[SourceDate "1992.09.01"]
[SourceVersion "1"]
[SourceVersionDate "1992.09.01"]
[SourceQuality "1"]

1. d4 Nf6 2. c4 g6 3. Nc3 d5 4. cxd5 Nxd5 5. e4 Nxc3 6. bxc3 Bg7 7. Bb5+ Nd7 8.
Nf3 c5 9. O-O O-O 10. a4 Qc7 11. Re1 Rd8 12. Qb3 cxd4 13. cxd4 Nc5 14. Qa3 a6
15. Bc4 Bxd4 16. Nxd4 Rxd4 17. Ba2 Rd3 18. Qb4 a5 19. Qb1 b6 20. Be3 Ba6 21. h4
Rad8 22. Qc2 Qe5 23. Rab1 Rc3 24. Qb2 Nxa4 25. Qa1 Qc7 26. Bxf7+ Kxf7 27. Qxa4
b5 28. Qa2+ Rc4 29. Bb6 Qxb6 30. Qxc4+ Kg7 31. Qc3+ Kf7 32. e5 b4 33. e6+ Kg8
34. Qg3 Rd3 35. Qf4 Qd8 36. h5 Qf8 37. Qg5 Ra3 38. hxg6 h6 39. Qd5 Bd3 40. Ra1
Qf5 41. Qd8+ Qf8 42. Qxf8+ Kxf8 43. Rxa3 bxa3 44. Ra1 a4 45. Rxa3 Bc2 46. f4
Kg7 47. f5 h5 48. g3 Kf6 49. Kf2 Bxf5 50. Rxa4 Bxg6 51. Ra6 Ke5 52. Ke3 Bf5 53.
Ra5+ Kxe6 54. Kf4 Bg4 55. Rg5 Kf6 56. Re5 Bd1 57. Re1 Bg4 58. Re5 e6 59. Rg5
Bd1 60. Re5 Bg4 61. Re1 Bf5 62. Re5 Bg4 63. Re1 Bf5 64. Re3 Bg4 65. Re1 Bf5 66.
Re3 Bg4 67. Re1 1/2-1/2

[Event "Interpolis"]
[Site "Tilburg"]
[Date "1992.10.14"]
[Round "3.1"]
[White "Winants, Luc"]
[Black "Kamsky, Gata"]
[Result "1-0"]
[WhiteElo "2505"]
[BlackElo "2655"]
[Annotator "Anand,V"]
[PlyCount "75"]
[EventDate "1992.10.08"]
[EventType "k.o."]
[EventRounds "7"]
[EventCountry "NED"]
[SourceTitle "CBM 032"]
[Source "ChessBase"]
[SourceDate "1993.02.01"]
[SourceVersion "1"]
[SourceVersionDate "1993.02.01"]
[SourceQuality "1"]

1. e4 {ChessBase} c6 2. c4 d5 3. cxd5 cxd5 4. exd5 Nf6 5. Nc3 Nxd5 6. Nf3 e6 7.
d4 Nc6 8. Bd3 Be7 9. O-O O-O 10. Re1 Nxc3 $6 {This gives White an extra tempo
over the lines where white has to withdraw  his bishop from c4 to d3} (10...
Bf6) (10... b6 $2 {ChessBase} 11. Nxd5 Qxd5 12. Be4 $16) 11. bxc3 b6 12. Qc2 (
12. h4 $5 {Obviously White is a whole tempo up so this should be good} Bxh4 13.
d5 $5 Na5 (13... exd5 14. Qa4) (13... Bxf2+ 14. Kxf2 Qxd5 15. c4 $16) 14. Nxh4
Qxh4 15. Re3 $40) 12... g6 (12... h6 {ChessBase} 13. Qe2 Bb7 14. Qe4) 13. Bh6 (
13. h4 $1 {ChessBase} Bb7 (13... Bxh4 14. Bb5 Bb7 15. Qe4 $18) (13... Bf6 14.
h5 Bb7 (14... Bg7 15. hxg6 hxg6 16. Ng5 $40) 15. hxg6 hxg6 16. Bxg6 fxg6 17.
Qxg6+ Bg7 18. Ng5 Rf6 19. Qh7+ Kf8 20. Ba3+ Ne7 21. Nxe6+ $18) 14. h5) 13...
Re8 14. h4 Bf8 (14... Bxh4 15. d5 $1 Na5 16. Bb5 $18) 15. Bg5 Be7 (15... Qd7 {
ChessBase} 16. Nd2) 16. Bf4 (16. Qd2 $5 Bxg5 $140 17. hxg5 $16 {/\Nh2-g4})
16... Bb7 (16... Bxh4 {ChessBase} 17. d5 $1) 17. h5 Kg7 18. Qd2 Qd5 (18... Rc8
{ChessBase} 19. Bh6+ Kg8 20. hxg6 hxg6 21. Bxg6 fxg6 22. Rxe6 Bf6 (22... Bf8
23. Rxg6+ Kh7 24. Bxf8 Kxg6 25. Qh6+ Kf7 26. Qg7+ Ke6 27. Re1+ Kd5 28. Qf7+ Re6
29. Qxe6#) 23. Qd3 Rxe6 24. Qxg6+ Kh8 25. Ng5 Re7 26. Qxf6+ Kg8 27. Qg6+ Kh8
28. Ne6 Qd7 29. Re1 Rg8 30. Qf6+ Kh7 31. Qf5+ Kh8 32. d5 $1 $18) (18... Bf8 {
ChessBase} 19. Bg5 Qd7 20. Bh6+ Kg8 21. Bxf8 Rxf8 22. Qh6 $40) 19. Be4 $16 Qxh5
(19... Qa5 {ChessBase} 20. Ne5 Rac8 21. Bh6+ Kg8 22. hxg6 hxg6 23. Bxg6 fxg6
24. Qd3 $18) 20. Ne5 Rac8 (20... Na5 {ChessBase} 21. g4 Qh4 22. Bxb7 Nxb7 23.
Kg2 $18) 21. Re3 f6 22. Rh3 Qxh3 23. gxh3 fxe5 24. dxe5 (24. Bxc6 Bxc6 25.
Bxe5+ Bf6) 24... Rc7 25. Kh1 $1 Na5 26. Bxb7 Nxb7 27. Bh6+ Kg8 28. Rd1 Rec8 (
28... Nc5 29. Qf4 $16 {/\Qg4,h4-h5}) (28... Rd8 {ChessBase} 29. Qc2 Rxd1+ 30.
Qxd1 Nc5 31. Qg4 $40) 29. Qe2 Rxc3 30. Qg4 Kf7 (30... Nc5 {ChessBase} 31. Rd7
Bf8 32. Rxa7 $1 Bxh6 33. Qh4 Bg7 (33... Ne4 34. Qxe4 $1 (34. Qxh6 $2 Rxh3+ 35.
Qxh3 Nxf2+ $19)) 34. Qe7 $18) 31. Rd4 R3c6 32. Bg5 $18 Bxg5 33. Qxg5 Nc5 34. h4
(34. Qf6+ {ChessBase} Kg8 35. Rd8+ Rxd8 36. Qxd8+ Kf7 (36... Kg7 37. Qe7+ Kh6
38. Qf8+ Kg5 39. h4+ $18) 37. Qh8) 34... Re8 35. h5 Rc7 36. Qf6+ Kg8 37. Rd8 $1
Rc8 (37... Rce7 {ChessBase} 38. Qxe7) 38. h6 {Time} 1-0

[Event "Interpolis"]
[Site "Tilburg"]
[Date "1992.10.16"]
[Round "3.3"]
[White "Winants, Luc"]
[Black "Kamsky, Gata"]
[Result "1/2-1/2"]
[WhiteElo "2505"]
[BlackElo "2655"]
[PlyCount "98"]
[EventDate "1992.10.08"]
[EventType "k.o."]
[EventRounds "7"]
[EventCountry "NED"]
[SourceTitle "CBM 032"]
[Source "ChessBase"]
[SourceDate "1993.02.01"]
[SourceVersion "1"]
[SourceVersionDate "1993.02.01"]
[SourceQuality "1"]

{Barrage 30'} 1. e4 c5 2. Nf3 e6 3. d4 cxd4 4. Nxd4 a6 5. Bd3 Nf6 6. O-O Qc7 7.
c4 d6 8. Nc3 Nbd7 9. b3 Be7 10. Bb2 O-O 11. f4 Re8 12. Kh1 e5 13. Nf5 Bf8 14.
fxe5 Nxe5 15. Bc2 Bxf5 16. Rxf5 Neg4 17. Rf4 Ne5 18. Qd2 Nfd7 19. Nd5 Qd8 20.
Raf1 b5 21. cxb5 axb5 22. a3 Rc8 23. Bd3 Rb8 24. Qe2 Nxd3 25. Qxd3 f6 26. Qh3
Rb7 27. Bc3 Ne5 28. Qh5 Re6 29. a4 bxa4 30. bxa4 Qe8 31. Qh3 Ng6 32. R4f2 Rxe4
33. a5 Qc6 34. Qd3 Qc4 35. Qd2 Ne5 36. Bxe5 dxe5 37. Nb6 Qe6 38. Qc2 Rb4 39.
Rd2 R4xb6 40. axb6 Rxb6 41. Rd8 Rc6 42. Qb2 Rc8 43. Rxc8 Qxc8 44. Rc1 Qe6 45.
Qb8 Kf7 46. h3 h6 47. Qb7+ Be7 48. Rc6 Qf5 49. Rc7 Qe6 1/2-1/2

[Event "Interpolis"]
[Site "Tilburg"]
[Date "1992.10.20"]
[Round "5.1"]
[White "Ivanchuk, Vassily"]
[Black "Kamsky, Gata"]
[Result "1-0"]
[WhiteElo "2720"]
[BlackElo "2655"]
[Annotator "Ernst,T"]
[PlyCount "71"]
[EventDate "1992.10.08"]
[EventType "k.o."]
[EventRounds "7"]
[EventCountry "NED"]
[SourceTitle "CBM 032"]
[Source "ChessBase"]
[SourceDate "1993.02.01"]
[SourceVersion "1"]
[SourceVersionDate "1993.02.01"]
[SourceQuality "1"]

1. e4 {Anand} e5 2. Nf3 Nc6 3. Bb5 a6 4. Ba4 Nf6 5. O-O Be7 6. Re1 b5 7. Bb3
O-O 8. c3 d5 9. exd5 Nxd5 10. Nxe5 Nxe5 11. Rxe5 c6 12. Re1 Bd6 13. d3 Qh4 14.
g3 Qh3 15. Re4 Bd7 (15... Qd7 $1 16. Nd2 Bb7 17. Re1 c5 18. Ne4 Be7 19. Bg5
Rad8 $2 20. Bxe7 Qxe7 21. Qh5 $16 {Smagin-Nunn, Dortmund 1991.}) (15... Qd7 $1
16. Nd2 Bb7 17. Re1 c5 18. Ne4 Be7 19. Bg5 f6 $1 20. Bd2 Kh8 21. Qh5 f5 22. Ng5
Bxg5 23. Bxg5 Qc6 $1 24. f3 c4 25. Bc2 b4 $1 26. dxc4 Qxc4 27. Re5 Nxc3 $1 28.
Bxf5 Rxf5 29. Rxf5 Ne2+ 30. Kh1 {Ernst,T-Sokolov,I,EU-chT, Debrecen 1992.} Kg8
$3 $19) (15... Qd7 $1 16. Nd2 Bb7 17. Nf3 c5 18. a4 b4 19. Ne5 Qc7 20. Nc4 bxc3
21. Qf1 Be7 22. bxc3 Bf6 $17 {De Firmian-Wahls, Biel-A 1990.}) (15... Qf5 16.
Nd2 Qg6 17. Nf1 $1 f5 18. Rd4 Kh8 19. Bxd5 cxd5 20. Qf3 Bb7 21. Rh4 $14 {
Liss,E-Bryson,D,EU-chT,Haifa 1989.}) (15... Qf5 16. Nd2 Qg6 17. Re1 f5 18. f4
$5 Bxf4 19. Qf3 Bxd2 20. Bxd5+ cxd5 21. Qxd5+ Kh8 22. Bxd2 $16 {Koch,JR-Blatny,
P, EU-chT,Haifa 1989.}) (15... Qf5 16. Nd2 Qg6 17. Re1 f5 18. f4 $5 Kh8 $1 19.
Bxd5 cxd5 20. Qf3 Bd7 21. Nb3 d4 22. Nxd4 Rae8 $44 {Popovic-Pavlovic, Belgrade
IKO 1992.}) (15... Qf5 16. Nd2 Qg6 17. a4 $5 f5 18. Rd4 Kh8 $1 19. Rxd5 cxd5
20. Bxd5 Rb8 $17 {Feher-Hazai, Hun-ch 1989.}) 16. Nd2 g5 (16... Rae8 {Anand}
17. Rxe8 Rxe8 18. Ne4 $14) 17. Re2 (17. Nf3 h6 18. Ne5 Bf5 19. Re1 (19. Ng4 $5
Nf4 $6 20. Nf6+ Kh8 21. Bxf4 Bxe4 (21... gxf4 22. Qf3 $16) 22. Nxe4 Bxf4 $13)
19... Rae8 20. d4 Nf6 21. f3 $13) 17... f5 (17... Qh5 18. Re1 $1) 18. c4 $1 (
18. Ne4 $2 fxe4 19. dxe4 Bg4 20. exd5 c5 $17 {Anand,V-Kamsky,G/Dortmund/1992/}
(20... c5 {Anand} 21. Qf1 Qh5 $1 $17 {Anand-Kamsky Dortmund 1992})) 18... f4 (
18... bxc4 19. dxc4 f4 20. cxd5 fxg3 21. hxg3 Rxf2 22. Rxf2 Qxg3+ 23. Rg2 Qe3+
24. Rf2 Qg3+ $10 {Anand.}) 19. Qf1 $1 (19. cxd5 fxg3 20. hxg3 (20. fxg3 {Anand}
Bc5+ 21. Kh1 Bg4 $40) 20... Rxf2 $1 $10 (20... Rxf2 $1 21. Rxf2 Qxg3+ 22. Rg2
Qe3+)) 19... fxg3 (19... Qh5 20. cxd5 c5 $13 (20... fxg3 21. hxg3 Bxg3 22. Qg2)
) 20. hxg3 $1 (20. Qxh3 gxf2+ 21. Rxf2 Bxh3 $132 (21... Bxh3 {Anand} 22. cxd5
Bc5 23. Ne4 Rxf2 $1 24. Nxf2 Rf8)) 20... Qh5 (20... Nf4 21. c5+ Kh8 22. cxd6
Qh5 (22... Qg4 23. Re4 Nh3+ 24. Kg2 Nf4+ 25. Rxf4 gxf4 26. Bd1 $16) 23. gxf4
Bh3 (23... gxf4 24. f3) 24. Qxh3 Qxh3 25. Re3 (25. Be6 Qxd3 26. b4 h6 $13)
25... Qh4 26. Rg3 gxf4 27. Nf3 Qf6 28. Rg2 $16) 21. cxd5 Bg4 (21... Bxg3 22.
Qg2 Qxe2 23. Qxg3 Qe1+ 24. Nf1 $16) 22. dxc6+ Kg7 (22... Kh8 {Anand} 23. Re3
Bc5 24. Ne4 Bxe3 25. Bxe3 Bf3 26. Bd4+ $18) 23. Re4 (23. Re3 {Anand} Bc5 24.
Ne4 Bxe3 25. Bxe3 Bf3 26. Bd4+ Kg6) 23... Bxg3 24. fxg3 $1 Rxf1+ 25. Nxf1 $16
Qh3 26. Re7+ Kh6 27. Bd5 Rf8 28. Bd2 (28. Bg2 {Anand} Rxf1+ 29. Kxf1 Qxg3 30.
Re3 $18) 28... Bf3 29. Bxf3 Rxf3 30. Re2 Kg6 31. c7 $18 Rf8 32. Rae1 Qd7 33.
Re6+ Kh5 34. g4+ Kxg4 35. R1e4+ Kf3 (35... Kh3 {Anand} 36. Rh6#) 36. Be1 (36.
Nh2+ {Anand} Kg3 37. Rg4+ Kh3 38. Re3+ Rf3 39. Rxf3#) 1-0

[Event "Interpolis"]
[Site "Tilburg"]
[Date "1992.10.21"]
[Round "5.2"]
[White "Kamsky, Gata"]
[Black "Ivanchuk, Vassily"]
[Result "1-0"]
[WhiteElo "2655"]
[BlackElo "2720"]
[Annotator "Anand,V"]
[PlyCount "81"]
[EventDate "1992.10.08"]
[EventType "k.o."]
[EventRounds "7"]
[EventCountry "NED"]
[SourceTitle "CBM 032"]
[Source "ChessBase"]
[SourceDate "1993.02.01"]
[SourceVersion "1"]
[SourceVersionDate "1993.02.01"]
[SourceQuality "1"]

1. e4 e6 2. d4 d5 3. Nc3 Nf6 4. e5 Nfd7 5. f4 c5 6. Nf3 a6 7. Be3 b5 8. Qd2 Bb7
{Not always the most useful move. Black may want to keep the option of Ba6} 9.
Bd3 b4 10. Nd1 Nc6 11. O-O cxd4 12. Nxd4 Be7 (12... Bc5 13. Nxc6 Bxc6 14. Bxc5
Nxc5 15. Qxb4) (12... Nc5 13. Nf2 $14) 13. Rf3 $1 O-O 14. Rh3 g6 15. Nf2 $14
Nc5 (15... Nxd4 16. Bxd4 f5 17. exf6 Nxf6 18. Re1 $16) 16. Ng4 Ne4 (16... h5
17. Nh6+ Kg7 18. Nxc6 Bxc6 19. f5 $1) 17. Bxe4 dxe4 18. Nxc6 Bxc6 19. Bd4 h5
20. Nf6+ Bxf6 21. exf6 Qd5 22. Qe3 Rfd8 23. c3 bxc3 24. bxc3 Qf5 (24... Rab8
25. f5 exf5 26. Qh6 $18) (24... Kf8 $5 25. g4 $140 Ke8) 25. Rg3 Rxd4 $8 26.
Qxd4 h4 27. Rg5 Qxf4 28. Rc5 $18 e5 29. Qf2 Bd7 30. Qxf4 exf4 31. Rf1 f3 32.
gxf3 Bh3 33. Rd1 Rb8 34. Rc4 exf3 35. Rxh4 Be6 36. Rd2 g5 37. Rh5 g4 38. Kf2
Rc8 39. Rh4 Rb8 40. c4 Rc8 41. c5 1-0